The self defense handbook : street fighting moves and self-defense techniques / Sam Fury ; illustrated by Neil Germio. (Record no. 20458)

000 -LEADER
fixed length control field 00623nam a22001817a 4500
020 ## - INTERNATIONAL STANDARD BOOK NUMBER
ISBN 9781925979473
082 ## - DEWEY DECIMAL CLASSIFICATION NUMBER
Classification number 796.81
Item number F9929 2020
100 ## - MAIN ENTRY--AUTHOR NAME
Personal name Fury, Sam, author.
245 ## - TITLE STATEMENT
Title The self defense handbook : street fighting moves and self-defense techniques / Sam Fury ; illustrated by Neil Germio.
260 ## - PUBLICATION, DISTRIBUTION, ETC. (IMPRINT)
Place of publication Coppell, TX :
Name of publisher SF Nonfiction Books,
Year of publication ©2020.
300 ## - PHYSICAL DESCRIPTION
Number of Pages x, 110 pages :
Other physical details illustrations ; 23 cm.
500 ## - GENERAL NOTE
General note Includes bibliographical references.
650 ## - SUBJECT ADDED ENTRY--TOPICAL TERM
Topical Term Self-defense.
650 ## - SUBJECT ADDED ENTRY--TOPICAL TERM
Topical Term Hand-to-hand combat.
650 ## - SUBJECT ADDED ENTRY--TOPICAL TERM
Topical Term Martial arts.
650 ## - SUBJECT ADDED ENTRY--TOPICAL TERM
Topical Term Street fighting (Self-defense).
942 ## - ADDED ENTRY ELEMENTS (KOHA)
Koha item type Books
Holdings
Source of acquisition Permanent Location Date acquired Koha item type Collection code Accession Number Lost status Shelving location Withdrawn status Current Location Full call number
SchoolCagayan State University - Carig Library2025-05-20BooksArts & Recreation010785 General Collection Cagayan State University - Carig Library796.81 F9929 2020

Cagayan State University University Library, Carig Campus
Tuguegarao City, Cagayan 3500 | www.csucarig.edu.ph

Powered by Koha